00638cam a2200205 a 4500020004300000020003900043020004000082020003600122040000800158082002600166100002200192245006600214250001100280260005000291300003100341650001100372650001100383650001100394700002700405 a9780964022164 (paperback : alk. paper) a9780964022171 (cloth : alk. paper) a0964022168 (paperback : alk. paper) a0964022176 (cloth : alk. paper) cDLC a580 JAM 2021 A118 Or.1 aHarris, James G.,10aPlant identification terminology :ban illustrated glossary / a2nd ed aSpring Lake, Utah :bSpring Lake Pub.,cc2001 ax, 206 p. :bill. ;c26 cm 0aBotany 0aBotany 0aPlants1 aHarris, Melinda Woolf,